[Event "Wloclawek CC Classic 23rd"]
[Site "Wloclawek"]
[Date "2019.??.??"]
[Round "3"]
[White "Cichocka, Katarzyna"]
[Black "Kowalczyk, Michal1111"]
[Result "0-1"]
[WhiteElo "1572"]
[BlackElo "1601"]
[PlyCount "92"]
[EventDate "2019.06.??"]
[EventType "swiss"]
[EventRounds "7"]
[EventCountry "POL"]
[SourceTitle "EXT 2021"]
[Source "ChessBase"]
[SourceDate "2020.10.23"]
[SourceVersion "1"]
[SourceVersionDate "2020.10.23"]
[SourceQuality "1"]

1. e4 c5 2. Nf3 g6 3. d4 cxd4 4. Nxd4 Bg7 5. Nc3 Nc6 6. Be3 Nf6 7. f3 0-0 8. Qd2 d5 9. Nxc6 bxc6 10. 0-0-0 Qa5 11. Kb1 Rb8 12. e5 Qa3 13. Nb5 Qa6 14. exf6 Bxf6 15. Nd4 Qa3 16. c3 Bd7 17. Ka1 Qa4 18. Bg5 Bxg5 19. Qc2 Qxc2 20. Nxc2 e5 21. h4 Bf4 22. g4 f5 23. Be2 fxg4 24. fxg4 Bh6 25. g5 Bg7 26. h5 Rf2 27. Rde1 e4 28. h6 Be5 29. Nd4 Bxd4 30. cxd4 Rb4 31. Kb1 Rxd4 32. Kc2 Rd3 33. Rhg1 Bf5 34. Kc1 Re3 35. Kd2 Rd3+ 36. Kc1 Rh3 37. b3 Rhh2 38. Kd1 Kf8 39. a4 c5 40. Rgf1 Rxf1 41. Rxf1 Ke7 42. Rg1 Kd6 43. Bb5 e3 44. Be8 Ra2 45. Rg3 d4 46. Bf7 Bd3 0-1

[Event "Wloclawek CC Classic 21st"]
[Site "Wloclawek"]
[Date "2018.??.??"]
[Round "6"]
[White "Cichocka, Katarzyna"]
[Black "Kaczynski, Maciej"]
[Result "1-0"]
[WhiteElo "1570"]
[BlackElo "1469"]
[PlyCount "37"]
[EventDate "2018.06.??"]
[EventType "swiss"]
[EventRounds "7"]
[EventCountry "POL"]
[SourceTitle "EXT 2021"]
[Source "ChessBase"]
[SourceDate "2020.10.23"]
[SourceVersion "1"]
[SourceVersionDate "2020.10.23"]
[SourceQuality "1"]

1. e4 b6 2. Nf3 c5 3. d4 e6 4. d5 d6 5. dxe6 fxe6 6. Bc4 h6 7. Nc3 a6 8. a4 Ra7 9. Bf4 Nc6 10. Bg3 Qe7 11. Nh4 Qf6 12. Qh5+ Rf7 13. Ng6 Rh7 14. Nxf8 Kxf8 15. Bxd6+ Nge7 16. 0-0-0 Nd4 17. f4 g6 18. Qh3 Ke8 19. Be5 1-0

[Event "Wloclawek-ch"]
[Site "Wloclawek"]
[Date "2018.??.??"]
[Round "2"]
[White "Cichocka, Katarzyna"]
[Black "Sztuka, Cezary"]
[Result "1-0"]
[WhiteElo "1564"]
[BlackElo "1489"]
[PlyCount "83"]
[EventDate "2018.09.??"]
[EventType "swiss"]
[EventRounds "9"]
[EventCountry "POL"]
[SourceTitle "EXT 2021"]
[Source "ChessBase"]
[SourceDate "2020.10.23"]
[SourceVersion "1"]
[SourceVersionDate "2020.10.23"]
[SourceQuality "1"]

1. e4 e6 2. d4 d5 3. exd5 exd5 4. Nf3 Bd6 5. Bd3 Nf6 6. 0-0 0-0 7. Bg5 Nbd7 8. Nbd2 Re8 9. c3 c6 10. Qc2 Qc7 11. Rfe1 h6 12. Rxe8+ Nxe8 13. Re1 Ndf6 14. Bh4 Bg4 15. Ne5 Rc8 16. h3 Be6 17. Ndf3 c5 18. Bg3 c4 19. Bf5 Nh5 20. Bxe6 fxe6 21. Qg6 Nxg3 22. Qxe6+ Kh7 23. Qg6+ Kg8 24. Qxg3 Nf6 25. Qg6 Re8 26. Kf1 b5 27. Ng4 Rxe1+ 28. Nxe1 Nxg4 29. Qxg4 Qf7 30. Nc2 Kh7 31. Ne3 h5 32. Qf5+ Qxf5 33. Nxf5 Bf4 34. Ne3 Bxe3 35. fxe3 Kg6 36. Kf2 Kf5 37. Kf3 a5 38. g4+ hxg4+ 39. hxg4+ Kg5 40. e4 dxe4+ 41. Kxe4 Kxg4 42. d5 1-0

[Event "Wloclawek-ch"]
[Site "Wloclawek"]
[Date "2018.??.??"]
[Round "3"]
[White "Cichocki, Konrad"]
[Black "Cichocka, Katarzyna"]
[Result "1-0"]
[WhiteElo "1843"]
[BlackElo "1564"]
[PlyCount "61"]
[EventDate "2018.09.??"]
[EventType "swiss"]
[EventRounds "9"]
[EventCountry "POL"]
[SourceTitle "EXT 2021"]
[Source "ChessBase"]
[SourceDate "2020.10.23"]
[SourceVersion "1"]
[SourceVersionDate "2020.10.23"]
[SourceQuality "1"]

1. d4 Nf6 2. Bg5 Ne4 3. Bh4 c5 4. dxc5 Qa5+ 5. Nd2 Qxd2+ 6. Qxd2 Nxd2 7. Kxd2 Na6 8. f3 Nxc5 9. Bf2 d6 10. e4 g6 11. c3 Bh6+ 12. Kc2 f5 13. e5 Bf4 14. Re1 Bd7 15. Nh3 Ne6 16. Nxf4 Nxf4 17. exd6 e6 18. Bg3 Nd5 19. Bc4 0-0-0 20. Re5 f4 21. Bxd5 exd5 22. Bxf4 Bf5+ 23. Kd2 d4 24. c4 d3 25. Rhe1 Rhf8 26. Re7 h5 27. Rc7+ Kb8 28. Ree7 Bc8 29. Be5 Rfe8 30. d7 Rxd7 31. Rcxd7+ 1-0

[Event "Wloclawek CC Classic 21st"]
[Site "Wloclawek"]
[Date "2018.??.??"]
[Round "7"]
[White "Garbowski, Jerzy"]
[Black "Cichocka, Katarzyna"]
[Result "1/2-1/2"]
[WhiteElo "1774"]
[BlackElo "1570"]
[PlyCount "30"]
[EventDate "2018.06.??"]
[EventType "swiss"]
[EventRounds "7"]
[EventCountry "POL"]
[SourceTitle "EXT 2021"]
[Source "ChessBase"]
[SourceDate "2020.10.23"]
[SourceVersion "1"]
[SourceVersionDate "2020.10.23"]
[SourceQuality "1"]

1. e4 c5 2. Nf3 d6 3. d4 cxd4 4. Nxd4 Nf6 5. Nc3 Nc6 6. Be2 e6 7. Be3 Be7 8. 0-0 0-0 9. Nb3 a6 10. a4 Bd7 11. f4 Na5 12. Nxa5 Qxa5 13. g4 Bc6 14. Bf3 Qb4 15. Qd2 d5 1/2-1/2

[Event "POL-chT 2nd League"]
[Site "Szklarska Poreba"]
[Date "2017.09.09"]
[Round "8.16"]
[White "Cichocka, Katarzyna"]
[Black "Borkowska, Zuzanna"]
[Result "0-1"]
[WhiteElo "1608"]
[BlackElo "1634"]
[PlyCount "77"]
[EventDate "2017.09.02"]
[EventType "team-swiss"]
[EventRounds "9"]
[EventCountry "POL"]
[SourceTitle "CBM 180 Extra"]
[Source "ChessBase"]
[SourceDate "2017.10.06"]
[SourceVersion "1"]
[SourceVersionDate "2017.10.06"]
[SourceQuality "1"]
[WhiteTeam "Wloclawek 1938"]
[BlackTeam "Bydgoszcz Wiartrak"]
[WhiteTeamCountry "POL"]
[BlackTeamCountry "POL"]

1. e4 e5 2. Nf3 Nc6 3. Bb5 Bc5 4. c3 d6 5. 0-0 Bd7 6. d4 exd4 7. cxd4 Bb6 8. Nc3 h6 9. Re1 Nf6 10. e5 dxe5 11. Nxe5 0-0 12. Nxd7 Nxd7 13. Bxc6 bxc6 14. Be3 Nf6 15. a3 Qd6 16. Qf3 Nd5 17. Ne4 Qg6 18. Rac1 Nxe3 19. fxe3 Rfe8 20. Nc5 Rad8 21. Nb7 Rd5 22. Rf1 Rxe3 23. Qxe3 Bxd4 24. Qxd4 Rxd4 25. Rf2 Qg5 26. Rcf1 Qb5 27. Rxf7 Qxb7 28. R7f2 Qb3 29. h3 Rd1 30. Rxd1 Qxd1+ 31. Kh2 c5 32. Rf3 Qd4 33. b3 c4 34. bxc4 Qxc4 35. Kg1 c5 36. Kf2 Qc2+ 37. Kf1 c4 38. Re3 c3 39. Ke1 0-1

[Event "POL-chT 2nd League"]
[Site "Szklarska Poreba"]
[Date "2017.09.06"]
[Round "5.17"]
[White "Polak, Sylwia"]
[Black "Cichocka, Katarzyna"]
[Result "1/2-1/2"]
[WhiteElo "1371"]
[BlackElo "1608"]
[PlyCount "61"]
[EventDate "2017.09.02"]
[EventType "team-swiss"]
[EventRounds "9"]
[EventCountry "POL"]
[SourceTitle "CBM 180 Extra"]
[Source "ChessBase"]
[SourceDate "2017.10.06"]
[SourceVersion "1"]
[SourceVersionDate "2017.10.06"]
[SourceQuality "1"]
[WhiteTeam "Rzeszow"]
[BlackTeam "Wloclawek 1938"]
[WhiteTeamCountry "POL"]
[BlackTeamCountry "POL"]

1. d4 Nf6 2. c4 g6 3. Nc3 d5 4. e3 Bg7 5. Nf3 0-0 6. Be2 dxc4 7. Bxc4 c6 8. a4 Bf5 9. 0-0 Nbd7 10. Nh4 Be4 11. Nf3 Nb6 12. Bd3 Bxd3 13. Qxd3 c5 14. Rd1 cxd4 15. Nxd4 e5 16. Nb3 Qxd3 17. Rxd3 Nc4 18. e4 Rfd8 19. Rxd8+ Rxd8 20. f3 h6 21. Kf2 Bf8 22. Rb1 Kg7 23. Be3 a6 24. Rd1 Rc8 25. Bc1 Bb4 26. Rd3 Na5 27. Nxa5 Bxa5 28. Bd2 Rc4 29. b3 Rd4 30. Ke2 Rxd3 31. Kxd3 1/2-1/2

[Event "POL-chT 2nd League"]
[Site "Szklarska Poreba"]
[Date "2017.09.04"]
[Round "3.16"]
[White "Walas, Aleksandra"]
[Black "Cichocka, Katarzyna"]
[Result "1-0"]
[WhiteElo "1905"]
[BlackElo "1608"]
[PlyCount "87"]
[EventDate "2017.09.02"]
[EventType "team-swiss"]
[EventRounds "9"]
[EventCountry "POL"]
[SourceTitle "CBM 180 Extra"]
[Source "ChessBase"]
[SourceDate "2017.10.06"]
[SourceVersion "1"]
[SourceVersionDate "2017.10.06"]
[SourceQuality "1"]
[WhiteTeam "Przedwojow Debiut"]
[BlackTeam "Wloclawek 1938"]
[WhiteTeamCountry "POL"]
[BlackTeamCountry "POL"]

1. e4 c5 2. Nf3 d6 3. c3 Nf6 4. Bd3 Nc6 5. 0-0 Bg4 6. h3 Bh5 7. Re1 e6 8. Bc2 Be7 9. d3 0-0 10. Bg5 h6 11. Bh4 Ne5 12. Nbd2 Re8 13. d4 Nxf3+ 14. Nxf3 Qb6 15. e5 dxe5 16. g4 Bg6 17. Bxg6 fxg6 18. Nxe5 cxd4 19. Nxg6 dxc3 20. Nxe7+ Rxe7 21. bxc3 Rf7 22. Qb3 Qxb3 23. axb3 Nd5 24. c4 Nf4 25. Kh2 a6 26. Bg3 Re8 27. Bxf4 Rxf4 28. Kg2 Rd4 29. Rad1 Rxd1 30. Rxd1 Re7 31. Kf3 Kf7 32. Ke4 Kf6 33. Rd3 Kf7 34. Ke5 Ke8 35. Rd6 Kf7 36. Rb6 Rd7 37. f4 Re7 38. h4 g6 39. g5 h5 40. b4 Rc7 41. c5 a5 42. Kd6 Rc6+ 43. Rxc6 bxc6 44. bxa5 1-0

[Event "Wloclawek CC Classic 18th"]
[Site "Wloclawek"]
[Date "2017.??.??"]
[Round "3"]
[White "Bychowska, Marta"]
[Black "Cichocka, Katarzyna"]
[Result "0-1"]
[WhiteElo "1250"]
[BlackElo "1594"]
[PlyCount "50"]
[EventDate "2017.04.??"]
[EventType "swiss"]
[EventRounds "7"]
[EventCountry "POL"]
[SourceTitle "EXT 2021"]
[Source "ChessBase"]
[SourceDate "2020.10.23"]
[SourceVersion "1"]
[SourceVersionDate "2020.10.23"]
[SourceQuality "1"]

1. e4 c5 2. Nf3 d6 3. Bc4 e6 4. Nc3 Nf6 5. 0-0 Be7 6. e5 dxe5 7. Nxe5 0-0 8. d3 Nbd7 9. Nf3 Nb6 10. Bf4 Nxc4 11. dxc4 Bd7 12. Ne5 a6 13. Qf3 Qc8 14. Nxd7 Nxd7 15. Qg3 Kh8 16. Rad1 Nf6 17. Be5 Qc6 18. Rfe1 Rad8 19. Rxd8 Rxd8 20. h3 Rg8 21. Rd1 Ne4 22. Nxe4 Qxe4 23. Rd7 Bf6 24. Bxf6 gxf6 25. Qh2 Qe1# 0-1

[Event "Wloclawek CC Classic 19th"]
[Site "Wloclawek"]
[Date "2017.??.??"]
[Round "3"]
[White "Cichocki, Konrad"]
[Black "Cichocka, Katarzyna"]
[Result "1-0"]
[WhiteElo "1836"]
[BlackElo "1623"]
[PlyCount "65"]
[EventDate "2017.06.??"]
[EventType "swiss"]
[EventRounds "7"]
[EventCountry "POL"]
[SourceTitle "EXT 2021"]
[Source "ChessBase"]
[SourceDate "2020.10.23"]
[SourceVersion "1"]
[SourceVersionDate "2020.10.23"]
[SourceQuality "1"]

1. Nf3 Nf6 2. c4 c5 3. d4 cxd4 4. Nxd4 g6 5. Nc3 Bg7 6. e4 Nc6 7. Be3 d6 8. Be2 0-0 9. Nxc6 bxc6 10. 0-0 Qc7 11. Rc1 Rd8 12. f3 Qb7 13. Rc2 Be6 14. Rd2 Qb4 15. a3 Qa5 16. Qc2 Rac8 17. Rfd1 d5 18. exd5 cxd5 19. c5 Bf5 20. Bd3 d4 21. b4 Qxa3 22. Bxf5 gxf5 23. Rxd4 Rxd4 24. Rxd4 Ne4 25. Nd5 Bxd4 26. Bxd4 Rd8 27. fxe4 fxe4 28. Qxe4 Qc1+ 29. Kf2 Rxd5 30. Qxd5 Qf4+ 31. Ke2 Qg4+ 32. Kd2 Qf4+ 33. Kc2 1-0

[Event "Wloclawek CC Classic 16th"]
[Site "Wloclawek "]
[Date "2016.??.??"]
[Round "1"]
[White "Cichocka, Katarzyna"]
[Black "Budnik, Mateusz"]
[Result "0-1"]
[WhiteElo "1492"]
[BlackElo "2053"]
[PlyCount "108"]
[EventDate "2016.04.??"]
[EventType "swiss"]
[EventRounds "7"]
[EventCountry "POL"]
[SourceTitle "EXT 2021"]
[Source "ChessBase"]
[SourceDate "2020.10.23"]
[SourceVersion "1"]
[SourceVersionDate "2020.10.23"]
[SourceQuality "1"]

1. e4 c5 2. Nf3 e6 3. d4 cxd4 4. Nxd4 a6 5. Nc3 b5 6. Be2 Bb7 7. 0-0 b4 8. Na4 Bxe4 9. Be3 Nf6 10. f3 Bb7 11. c4 bxc3 12. Nxc3 Nc6 13. Nb3 d6 14. Rc1 Be7 15. Qe1 0-0 16. Qf2 Nb4 17. Bb6 Qe8 18. Na5 Bc8 19. Rfd1 Nbd5 20. Nxd5 Nxd5 21. Nc6 Bg5 22. Rc2 Bd7 23. Na5 Qb8 24. Bd4 e5 25. Ba7 Qxa7 26. Qxa7 Rxa7 27. Rxd5 Bf5 28. Rc6 Be3+ 29. Kf1 Bc5 30. Nb3 Be6 31. Rd1 Bxb3 32. axb3 a5 33. Bc4 Rb8 34. Rd3 Kf8 35. Ra6 Rxa6 36. Bxa6 Ke7 37. Ke2 Bd4 38. Bc4 Rb4 39. Rxd4 exd4 40. Kd3 Rb8 41. Kxd4 Rc8 42. g4 Rc5 43. h4 h5 44. Ke4 a4 45. Bd5 axb3 46. gxh5 Rc2 47. Bxb3 Rxb2 48. Bd5 Rh2 49. Kf5 Rxh4 50. Kg5 Rh1 51. Be4 Ra1 52. Kf4 Kf6 53. Bd5 Ra4+ 54. Kg3 Ra5 0-1

[Event "Wloclawek-ch"]
[Site "Wloclawek"]
[Date "2016.??.??"]
[Round "4"]
[White "Cichocka, Katarzyna"]
[Black "Czekalski, Pawel"]
[Result "1-0"]
[WhiteElo "1585"]
[BlackElo "1296"]
[PlyCount "57"]
[EventDate "2016.09.??"]
[EventType "swiss"]
[EventRounds "9"]
[EventCountry "POL"]
[SourceTitle "EXT 2021"]
[Source "ChessBase"]
[SourceDate "2020.10.23"]
[SourceVersion "1"]
[SourceVersionDate "2020.10.23"]
[SourceQuality "1"]

1. e4 Nc6 2. d4 d5 3. e5 e6 4. Nf3 Nge7 5. c3 a6 6. Bd3 b5 7. 0-0 Bb7 8. Bg5 h6 9. Be3 g5 10. a4 b4 11. Qb3 a5 12. Bb5 g4 13. Ne1 Nf5 14. Nd3 h5 15. cxb4 h4 16. Rc1 g3 17. Bxc6+ Bxc6 18. Rxc6 Nxe3 19. fxe3 gxh2+ 20. Kh1 h3 21. Qc2 Qg5 22. Nf4 Qg3 23. Na3 Qxe3 24. Rxc7 Be7 25. Nxh3 Bh4 26. Qc6+ Kf8 27. Qxa8+ Kg7 28. Rc8 Be1 29. Rxh8 1-0

[Event "Wloclawek CC Classic 16th"]
[Site "Wloclawek "]
[Date "2016.??.??"]
[Round "3"]
[White "Cichocka, Katarzyna"]
[Black "Kaczynski, Maciej"]
[Result "1-0"]
[WhiteElo "1492"]
[BlackElo "1591"]
[PlyCount "73"]
[EventDate "2016.04.??"]
[EventType "swiss"]
[EventRounds "7"]
[EventCountry "POL"]
[SourceTitle "EXT 2021"]
[Source "ChessBase"]
[SourceDate "2020.10.23"]
[SourceVersion "1"]
[SourceVersionDate "2020.10.23"]
[SourceQuality "1"]

1. e4 e6 2. d4 d6 3. Nf3 b6 4. c4 c5 5. d5 e5 6. Nc3 f5 7. Bd3 f4 8. 0-0 g5 9. Bc2 g4 10. Ba4+ Bd7 11. Bxd7+ Nxd7 12. Ne1 h5 13. Nd3 Ngf6 14. a3 a5 15. Bd2 Bh6 16. b4 axb4 17. axb4 0-0 18. Rxa8 Qxa8 19. bxc5 bxc5 20. g3 Nh7 21. Qc1 Ng5 22. Kh1 Nf3 23. Ne2 Nxd2 24. Qxd2 Kh7 25. gxf4 Qa3 26. Ng3 h4 27. Nf5 Rxf5 28. exf5 exf4 29. Qe2 Ne5 30. Nxe5 dxe5 31. Qxg4 Kh8 32. Rg1 Qa8 33. Qxh4 Qf8 34. Rg6 Kh7 35. Rxh6+ Qxh6 36. Qxh6+ Kxh6 37. d6 1-0

[Event "Wloclawek-ch"]
[Site "Wloclawek"]
[Date "2016.??.??"]
[Round "6"]
[White "Cichocka, Katarzyna"]
[Black "Kaczynski, Maciej"]
[Result "1/2-1/2"]
[WhiteElo "1585"]
[BlackElo "1511"]
[PlyCount "96"]
[EventDate "2016.09.??"]
[EventType "swiss"]
[EventRounds "9"]
[EventCountry "POL"]
[SourceTitle "EXT 2021"]
[Source "ChessBase"]
[SourceDate "2020.10.23"]
[SourceVersion "1"]
[SourceVersionDate "2020.10.23"]
[SourceQuality "1"]

1. e4 e5 2. d4 exd4 3. Qxd4 d6 4. Nc3 Be6 5. Bd2 Nc6 6. Qe3 g6 7. 0-0-0 Bg7 8. f4 Nge7 9. a3 a6 10. Bd3 Bg4 11. Nf3 Bxf3 12. Qxf3 f6 13. f5 Ne5 14. Qe2 Qd7 15. Rhf1 Nxd3+ 16. Qxd3 0-0-0 17. Ne2 d5 18. Bb4 Rhe8 19. Bxe7 Qxe7 20. Qh3 Kb8 21. Nf4 Qxe4 22. Qxh7 Rd7 23. Rde1 Qxe1+ 24. Rxe1 Rxe1+ 25. Kd2 Ree7 26. Qxg6 Ka7 27. h4 Bf8 28. Ne6 Rf7 29. h5 Bd6 30. Kd3 c5 31. h6 c4+ 32. Ke2 Rde7 33. Kf3 Be5 34. c3 Rd7 35. Ng7 d4 36. cxd4 Bxd4 37. h7 Rxg7 38. h8Q Rge7 39. Qg4 Re3+ 40. Kf4 Rde7 41. Qf3 Rxf3+ 42. Kxf3 Bxb2 43. Qc8 Re5 44. Qxc4 Rxf5+ 45. Kg4 Rg5+ 46. Kf3 Rf5+ 47. Kg4 Rg5+ 48. Kf3 Rf5+ 1/2-1/2

[Event "Wloclawek CC Classic 15th"]
[Site "Wloclawek"]
[Date "2016.??.??"]
[Round "5"]
[White "Cichocki, Konrad"]
[Black "Cichocka, Katarzyna"]
[Result "1-0"]
[WhiteElo "1902"]
[BlackElo "1478"]
[PlyCount "47"]
[EventDate "2016.01.??"]
[EventType "swiss"]
[EventRounds "7"]
[EventCountry "POL"]
[SourceTitle "EXT 2021"]
[Source "ChessBase"]
[SourceDate "2020.10.23"]
[SourceVersion "1"]
[SourceVersionDate "2020.10.23"]
[SourceQuality "1"]

1. e4 c5 2. Nf3 Nc6 3. Bb5 d6 4. 0-0 Bd7 5. c3 Nf6 6. Re1 a6 7. Ba4 e6 8. d4 cxd4 9. cxd4 Be7 10. Nc3 0-0 11. e5 Nd5 12. Nxd5 exd5 13. exd6 Bxd6 14. Bb3 Bg4 15. Be3 Bb4 16. Rf1 Rc8 17. Rc1 Qd7 18. a3 Ba5 19. h3 Bh5 20. Rc5 Bxf3 21. Qxf3 Bb6 22. Rxd5 Qe6 23. Rb5 Qd7 24. Rxb6 1-0

[Event "Wloclawek-ch"]
[Site "Wloclawek"]
[Date "2016.??.??"]
[Round "7"]
[White "Cichocki, Konrad"]
[Black "Cichocka, Katarzyna"]
[Result "1-0"]
[WhiteElo "1831"]
[BlackElo "1585"]
[PlyCount "89"]
[EventDate "2016.09.??"]
[EventType "swiss"]
[EventRounds "9"]
[EventCountry "POL"]
[SourceTitle "EXT 2021"]
[Source "ChessBase"]
[SourceDate "2020.10.23"]
[SourceVersion "1"]
[SourceVersionDate "2020.10.23"]
[SourceQuality "1"]

1. Nf3 Nf6 2. c4 c5 3. Nc3 g6 4. d4 cxd4 5. Nxd4 Bg7 6. e4 Nc6 7. Be3 d6 8. Be2 0-0 9. 0-0 Bd7 10. f3 Rc8 11. Rc1 a6 12. Qd2 Nxd4 13. Bxd4 e5 14. Be3 Be6 15. b3 Ne8 16. Rfd1 f5 17. c5 f4 18. Bf2 Rf7 19. Na4 Rc6 20. Qb4 Bf8 21. Nb6 Qg5 22. Qa4 dxc5 23. b4 cxb4 24. Rxc6 bxc6 25. Qxc6 Ng7 26. Nd5 a5 27. Bb6 Bd7 28. Qa8 Ne6 29. Qxa5 Nd4 30. Bxd4 exd4 31. Rxd4 Qe5 32. Rd1 Be6 33. Bc4 Kg7 34. Bb3 Bxd5 35. Rxd5 Qc7 36. Qxc7 Rxc7 37. g3 fxg3 38. hxg3 Rc3 39. Kg2 Rc7 40. f4 Be7 41. g4 h6 42. e5 h5 43. gxh5 gxh5 44. f5 Rc5 45. f6+ 1-0

[Event "Wloclawek-ch"]
[Site "Wloclawek"]
[Date "2016.??.??"]
[Round "3"]
[White "Lapinski, Jerzy"]
[Black "Cichocka, Katarzyna"]
[Result "1/2-1/2"]
[WhiteElo "1306"]
[BlackElo "1585"]
[PlyCount "115"]
[EventDate "2016.09.??"]
[EventType "swiss"]
[EventRounds "9"]
[EventCountry "POL"]
[SourceTitle "EXT 2021"]
[Source "ChessBase"]
[SourceDate "2020.10.23"]
[SourceVersion "1"]
[SourceVersionDate "2020.10.23"]
[SourceQuality "1"]

1. d4 Nf6 2. Nf3 g6 3. c4 Bg7 4. e3 d5 5. Bd3 0-0 6. 0-0 Bg4 7. Nbd2 Nbd7 8. Qb3 dxc4 9. Qxc4 Nb6 10. Qc2 Nbd5 11. a3 Rc8 12. b4 Nd7 13. Bb2 c6 14. Rac1 a5 15. Qb3 axb4 16. axb4 h6 17. Ba3 Re8 18. b5 e5 19. Be4 Be6 20. Bxd5 Bxd5 21. Qb2 exd4 22. Nxd4 c5 23. Bxc5 Nxc5 24. Qa3 Ne4 25. N2f3 Qd7 26. b6 Nd6 27. Rfd1 Rxc1 28. Rxc1 Nb5 29. Qa4 Bxd4 30. Nxd4 Bc6 31. Nxc6 bxc6 32. Qc4 Rc8 33. Qc5 Qb7 34. Rb1 Rb8 35. Rc1 Qxb6 36. Qxc6 Qxc6 37. Rxc6 Rb7 38. g3 Kf8 39. h4 Ke7 40. h5 Nd6 41. hxg6 fxg6 42. Kg2 Rd7 43. g4 Kf7 44. f4 Ne4 45. Kf3 Re7 46. Rb6 Nd2+ 47. Ke2 Nc4 48. Rb3 Kf6 49. Rc3 Nd6 50. Rc6 Re6 51. Kf3 Nf7 52. Rc5 Kg7 53. e4 Ra6 54. Rc3 Ra1 55. e5 Rf1+ 56. Kg3 Re1 57. Kf2 Re4 58. Kf3 1/2-1/2

[Event "POL-chT3 Kujawsko Pomorskie 1516"]
[Site "Poland"]
[Date "2015.12.13"]
[Round "3"]
[White "Borkowska, Zuzanna"]
[Black "Cichocka, Katarzyna"]
[Result "1-0"]
[WhiteElo "1445"]
[BlackElo "1478"]
[PlyCount "67"]
[EventDate "2015.11.08"]
[EventType "team-tourn"]
[EventRounds "9"]
[EventCountry "POL"]
[SourceTitle "EXT 2019"]
[Source "ChessBase"]
[SourceDate "2018.10.10"]
[SourceVersion "1"]
[SourceVersionDate "2018.10.10"]
[SourceQuality "1"]

1. e4 c5 2. Nf3 d6 3. d4 cxd4 4. Qxd4 Nc6 5. Bb5 Bd7 6. Bxc6 Bxc6 7. Nc3 Nf6 8. Bg5 e5 9. Qd3 Be7 10. Rd1 Qa5 11. 0-0 Rd8 12. Bxf6 Bxf6 13. a3 0-0 14. Rfe1 Rfe8 15. Nd5 Bxd5 16. Qxd5 Qb6 17. b4 h6 18. Nd2 Be7 19. Nc4 Qa6 20. Na5 Rd7 21. Rd3 Rc8 22. c4 Rdc7 23. Rf3 Bf8 24. h3 b6 25. Nc6 Rxc6 26. Qxf7+ Kh8 27. b5 Qa5 28. bxc6 Qxe1+ 29. Kh2 Qxe4 30. Qxf8+ Rxf8 31. Rxf8+ Kh7 32. c7 Qxc4 33. c8Q Qxc8 34. Rxc8 1-0

[Event "Wloclawek CC Classic 14th"]
[Site "Wloclawek"]
[Date "2015.??.??"]
[Round "5"]
[White "Cichocka, Katarzyna"]
[Black "Garbowski, Jerzy"]
[Result "0-1"]
[WhiteElo "1467"]
[BlackElo "1649"]
[PlyCount "50"]
[EventDate "2015.06.??"]
[EventType "swiss"]
[EventRounds "7"]
[EventCountry "POL"]
[SourceTitle "EXT 2021"]
[Source "ChessBase"]
[SourceDate "2020.10.23"]
[SourceVersion "1"]
[SourceVersionDate "2020.10.23"]
[SourceQuality "1"]

1. e4 c5 2. Nf3 Nc6 3. d4 cxd4 4. Nxd4 g6 5. Nc3 Bg7 6. Be3 Nf6 7. f3 0-0 8. Qd2 d5 9. 0-0-0 dxe4 10. Nxc6 Qxd2+ 11. Rxd2 bxc6 12. fxe4 Ng4 13. Bd4 Bh6 14. Nb1 Be6 15. b3 Rfd8 16. Bc5 Rxd2 17. Nxd2 Rd8 18. Bd3 Ne5 19. Bxe7 Nxd3+ 20. cxd3 Rxd3 21. Bb4 Rd4 22. Bc3 Rxe4 23. Kd1 Bg4+ 24. Nf3 Re3 25. Bb2 Rxf3 0-1